| 000 | 00456nam a2200181Ia 4500 | ||
|---|---|---|---|
| 008 | 090122s9999 xx 000 0 und d | ||
| 082 | _b11990 | ||
| 100 |
_aCONNELLY _bMICHAEL |
||
| 245 | _aTHE CLOSERS | ||
| 260 |
_bORION _c2005 |
||
| 300 | _a405 | ||
| 501 | _aरोहीत बुक सेंटर / बि. नं. 2718-16.8.07 | ||
| 600 | _aCONNELLY | ||
| 630 | _aTHE CLOSERS | ||
| 700 | _aCONNELLY | ||
| 730 | _aTHE CLOSERS | ||
| 942 | _cBOOK | ||
| 999 |
_c36067 _d36067 |
||